<?xml version="1.0" encoding="UTF-8"?><?xml-stylesheet type="text/xsl" href="static/style.xsl"?><OAI-PMH xmlns="http://www.openarchives.org/OAI/2.0/" xmlns:xsi="http://www.w3.org/2001/XMLSchema-instance" xsi:schemaLocation="http://www.openarchives.org/OAI/2.0/ http://www.openarchives.org/OAI/2.0/OAI-PMH.xsd"><responseDate>2026-04-27T07:52:01Z</responseDate><request verb="GetRecord" identifier="oai:uvadoc.uva.es:10324/43361" metadataPrefix="marc">https://uvadoc.uva.es/oai/request</request><GetRecord><record><header><identifier>oai:uvadoc.uva.es:10324/43361</identifier><datestamp>2021-06-24T07:27:57Z</datestamp><setSpec>com_10324_22821</setSpec><setSpec>com_10324_954</setSpec><setSpec>com_10324_894</setSpec><setSpec>col_10324_22822</setSpec></header><metadata><record xmlns="http://www.loc.gov/MARC21/slim" xmlns:doc="http://www.lyncode.com/xoai" xmlns:xsi="http://www.w3.org/2001/XMLSchema-instance" xmlns:dcterms="http://purl.org/dc/terms/" xsi:schemaLocation="http://www.loc.gov/MARC21/slim http://www.loc.gov/standards/marcxml/schema/MARC21slim.xsd">
<leader>00925njm 22002777a 4500</leader>
<datafield tag="042" ind1=" " ind2=" ">
<subfield code="a">dc</subfield>
</datafield>
<datafield tag="720" ind1=" " ind2=" ">
<subfield code="a">Acosta Rodríguez, Sergio</subfield>
<subfield code="e">author</subfield>
</datafield>
<datafield tag="720" ind1=" " ind2=" ">
<subfield code="a">Poócza, Leander Aaron</subfield>
<subfield code="e">author</subfield>
</datafield>
<datafield tag="720" ind1=" " ind2=" ">
<subfield code="a">Quintanilla Sierra, Luis</subfield>
<subfield code="e">author</subfield>
</datafield>
<datafield tag="720" ind1=" " ind2=" ">
<subfield code="a">Rodríguez Cabello, José Carlos</subfield>
<subfield code="e">author</subfield>
</datafield>
<datafield tag="260" ind1=" " ind2=" ">
<subfield code="c">2020</subfield>
</datafield>
<datafield tag="520" ind1=" " ind2=" ">
<subfield code="a">Intrinsically disordered protein polymers (IDPPs) have attracted a lot of attention in the development of bioengineered devices and for use as study models in molecular biology because of their biomechanical properties and stimuli-responsiveness. The present study aims to understand the effect of charge density on the self-assembly of IDPPs. To that end, a library of recombinant IDPPs based on an amphiphilic diblock design with different charge densities was bioproduced, and their supramolecular assembly was characterized on the nano-, meso-, and microscale. Although the phase transition was driven by the collapse of hydrophobic moieties, the hydrophilic block composition strongly affected hierarchical assembly and, therefore, enabled the production of new molecular architectures, thus leading to new dynamics that govern the liquid–gel transition. These results highlight the importance of electrostatic repulsion for the hierarchical assembly of IDPPs and provide insights into the manufacture of supramolecular protein-based materials.</subfield>
</datafield>
<datafield tag="024" ind2=" " ind1="8">
<subfield code="a">Biomacromolecules 2020 (in press)</subfield>
</datafield>
<datafield tag="024" ind2=" " ind1="8">
<subfield code="a">1525-7797</subfield>
</datafield>
<datafield tag="024" ind2=" " ind1="8">
<subfield code="a">http://uvadoc.uva.es/handle/10324/43361</subfield>
</datafield>
<datafield tag="024" ind2=" " ind1="8">
<subfield code="a">10.1021/acs.biomac.0c00934</subfield>
</datafield>
<datafield tag="024" ind2=" " ind1="8">
<subfield code="a">Biomacromolecules</subfield>
</datafield>
<datafield tag="024" ind2=" " ind1="8">
<subfield code="a">1526-4602</subfield>
</datafield>
<datafield tag="245" ind1="0" ind2="0">
<subfield code="a">Charge Density as a Molecular Modulator of Nanostructuration in Intrinsically Disordered Protein Polymers</subfield>
</datafield>
</record></metadata></record></GetRecord></OAI-PMH>